000 01176nam a2200241Ia 4500
003 OSt
005 20200724145911.0
008 191128s2014 ck ao fr 000 0cspa d
020 _a9789588244792
040 _aCO-JMCR
_cCO-JMCR
041 0 _aspa
082 0 4 _a338.9861 /
_bC718c
_223
110 1 _aColombia.
_bMinisterio de Relaciones Exteriores
_93886
245 1 0 _aCrónicas de frontera :
_bplan fronteras para la prosperidad /
_cMinisterio de Relaciones Exteriores
260 _aBogotá :
_bMinisterio de Relaciones Exteriores,
_c2014
300 _a249 Páginas :
_bilustraciones y fotografias a color ;
_c23 X 24 cm.
500 _aIncluye datos biográficos del equipo de colaboración del plan Fronteras para la Prosperidad.
505 0 _aLa vida en medio del desierto / sector de desarrollo económico - Alta Guajira -- Tiempo de cosecha / Sector de desarrollo económico - Tumaco, Nariño -- Salud en el último rincón / Sector de salud - San Felipe, Guainía.
650 1 4 _aDesarrollo económico
_xproyectos
_zColombia
_97794
651 4 _aColombia
_xpolítica económica
_96872
651 4 _aColombia
_xcondiciones económicas--proyectos
_97795
942 _2ddc
_cBK
999 _c3671
_d3671